Impact of Information and Communication Technology Adoption on Management Functions in Some Selected Secondary Schools in Imenti South Sub-County, Kenya (Record no. 216000)
[ view plain ]
| 000 -LEADER | |
|---|---|
| fixed length control field | 00761nam a22001577a 4500 |
| 008 - FIXED-LENGTH DATA ELEMENTS--GENERAL INFORMATION | |
| fixed length control field | 250808b |||||||| |||| 00| 0 eng d |
| 050 ## - LIBRARY OF CONGRESS CALL NUMBER | |
| Classification number | THE LB 2806.36 .K56 2015 |
| Item number | C.1 |
| 100 ## - MAIN ENTRY--PERSONAL NAME | |
| Personal name | Kiogora, Patrick Stephen |
| 245 ## - TITLE STATEMENT | |
| Title | Impact of Information and Communication Technology Adoption on Management Functions in Some Selected Secondary Schools in Imenti South Sub-County, Kenya |
| 260 ## - PUBLICATION, DISTRIBUTION, ETC. | |
| Place of publication, distribution, etc. | Kisii |
| Name of publisher, distributor, etc. | Kisii University |
| Date of publication, distribution, etc. | 2015 |
| 300 ## - PHYSICAL DESCRIPTION | |
| Extent | xiv, 80p.:ill. |
| 500 ## - GENERAL NOTE | |
| General note | Includes bibliographical references |
| 650 ## - SUBJECT ADDED ENTRY | |
| Topical term or geographic name entry element | 1. Educational technology—Kenya. 2. School management and organization—Kenya. 3. Education—Effect of technological innovations—Kenya. 4. Public schools—Kenya—Imenti South Sub-County. |
| 942 ## - ADDED ENTRY ELEMENTS (KOHA) | |
| Source of classification or shelving scheme | Library of Congress Classification |
| Koha item type | Reference |
| Withdrawn status | Lost status | Source of classification or shelving scheme | Damaged status | Not for loan | Collection | Home library | Current library | Date acquired | Inventory number | Total checkouts | Full call number | Barcode | Date last seen | Copy number | Price effective from | Koha item type |
|---|---|---|---|---|---|---|---|---|---|---|---|---|---|---|---|---|
| Library of Congress Classification | Special Research | Kisii University Library | Kisii University Library | 08/08/2025 | 109421 | THE LB 2806.36 .K56 2015 | 000000023753 | 08/08/2025 | C.1 | 08/08/2025 | Reference | |||||
| Library of Congress Classification | Special Research | Kisii University Library | Kisii University Library | 08/08/2025 | 109422 | THE LB 2806.36 .K56 2015 | 000000023752 | 08/08/2025 | C.2 | 08/08/2025 | Reference |